| 000 | 00472nam a22001577a 4500 | ||
|---|---|---|---|
| 020 | _qHard Cover. | ||
| 082 | _a004 | ||
| 100 | _aKhan, Waqas Ali | ||
| 245 |
_aDigital forensic analysis of IPhone / _cWaqas ali Khan. |
||
| 260 |
_aIslamabad: _bMCS - NUST, _c2012. |
||
| 300 |
_a51 p. : _bill. ; _c30cm. _e+CD. |
||
| 650 |
_aInformation Security MS-Thesis. _916348 |
||
| 700 | _6Dr. Faheem Arif | ||
| 942 |
_2ddc _cTHE |
||
| 999 |
_c540964 _d540964 |
||